| 000 | 01414cam a2200349 a 4500 | ||
|---|---|---|---|
| 001 | 15181428 | ||
| 003 | OSt | ||
| 005 | 20160601130954.0 | ||
| 008 | 080214s2008 vau b 001 0 eng | ||
| 010 | _a 2008006362 | ||
| 020 | _a9781416606789 (pbk. : alk. paper) | ||
| 040 |
_aDLC _cDLC _dDLC |
||
| 043 | _an-us--- | ||
| 050 | 0 | 0 |
_aLB 1031 _b.T652 2008 |
| 100 | 1 | _aTomlinson, Carol A. | |
| 245 | 1 | 4 |
_aThe differentiated school : _bmaking revolutionary changes in teaching and learning / _cCarol Tomlinson, Kay Brimijoin [and] Lane Narvaez. |
| 260 |
_aAlexandria, VA : _bAssociation for Supervision and Curriculum Development, _c2008. |
||
| 300 |
_a239 p. : _c25 cm. |
||
| 500 | _aIncludes bibliographical references (p. 226-228) and index. | ||
| 650 | 0 |
_aIndividualized instruction _zUnited States. |
|
| 650 | 0 |
_aIndividualized instruction _zUnited States _vCase studies. |
|
| 650 | 0 |
_aSchool improvement programs _zUnited States. |
|
| 650 | 0 |
_aSchool improvement programs _zUnited States _vCase studies. |
|
| 700 | 1 |
_aBrimijoin, Kay, _d1945- |
|
| 700 | 1 |
_aNarvaez, Lane, _d1951- |
|
| 856 | 4 | 1 |
_3Table of contents only _uhttp://www.loc.gov/catdir/toc/fy0805/2008006362.html |
| 906 |
_a7 _bcbc _corignew _d1 _eecip _f20 _gy-gencatlg |
||
| 942 |
_2lcc _cBK |
||
| 999 |
_c12547 _d12547 |
||